Alle Haltestellen in Solingen - Statistiken

Allgemein
  • Dieses Quiz wurde 16 mal gespielt
    13 seit der letzten Aktualisierung
  • Das Durchschnittsergebnis liegt bei 41 aus 271
Antwortstatistiken
Haltestelle Linien % Korrekt
Graf-Wilhelm-Platz SB25/CE64/252/681/NE21/682/NE22/683/NE23/684/NE24/685/NE25/686/690/692/693/695/696/LT696/697/698/NE28/699
63%
Hasselstr. 684/NE24
63%
Hauptbahnhof 681/NE21/682/NE22/NE25/691/TB691/694/TB694/782/783/791/792
63%
Mangenberg 681/NE21/NE25/686
63%
Mühlenplatz CE64/681/NE21/682/NE22/683/NE23/684/NE24/NE25/686/690/692/693/695/698/NE28
63%
Rathaus 681/NE21/682/NE22/683/684/NE24/NE25/686/690/692/693/695
63%
Aufderhöhe 685/NE25/686/691/693/694
50%
Grünewald SB25/682/NE25/699/(S7)
50%
Höhscheid 682/NE25/691/699
50%
Bismarckplatz 252/681/NE24
38%
Bülowplatz 252/681/NE24
38%
Burger Bahnhof NE13/266/653/654/683/LT683/687/689
38%
Cobra 681/NE21
38%
Entenpfuhl 252/681/683/NE23/684/NE24/695/697
38%
Foche 682
38%
Freiligrathstr. 681/NE21/NE25/686/690/693
38%
Gasstr. 684/NE24
38%
Jammertal 685/NE25/686
38%
Klingenhalle 685
38%
Klinikum 692/NE22/693
38%
Krahenhöhe 683/NE23/LT683/687
38%
Lacher Str. 684/NE24/691/697
38%
Lehner Str. 681/NE21
38%
Meigen 695/NE23
38%
Merscheid 681/NE21/693
38%
Mitte 252/681/683/NE23/684/NE24/695/697
38%
Ohligs Rathaus 681/NE21
38%
Ritterstr. 683/NE23
38%
Rüden 691/697
38%
Stadtwerke 681/NE21
38%
Stöcken CE64/TB684
38%
Stöckerberg CE64/684/NE24/TB684
38%
Technologiezentrum SB25/682/NE25/699
38%
Wald Kirche 682/NE22/690/692/693
38%
Wernerstr. 682/NE22/683/NE23/692/695
38%
Werwolf 252/681/683/NE23/684/NE24/695/697
38%
Agentur für Arbeit 681/NE21
25%
Balkhausen 252
25%
Bauermannskulle SB25/691
25%
Birkerstr. SB25/682/685/NE25/696/LT696/699
25%
Börsenstr. 684/NE24/691/697
25%
Brücke SB25/691
25%
Brühl 684/NE24
25%
Burg Aue 653/689
25%
Burg Schloss 266/687/689
25%
Burg Seilbahn 683/LT683
25%
Central 682/683/NE23
25%
Dickenbusch 696/TB696
25%
Dingshaus 681/NE21
25%
Dorp 683/NE23
25%
Eichenstr. 252/684/NE24/691/697
25%
Friedrichstal 691/697
25%
Geilenberg 685/NE25/686
25%
Gräfrath 683/NE23/690/TB695
25%
Halfeshof 695
25%
Hammertal 681/NE21
25%
Höfchen 684/NE24/691/697
25%
Hoffnung 685/NE25/686
25%
Höhrath 689
25%
Höhscheid-Brockenberg 682/699
25%
Höhscheider Hof SB25/691
25%
In der Planke 266/689
25%
Industriemuseum 681/NE21
25%
Klingenstr. 695/NE23
25%
Kohlsberg 699
25%
Kotten 685/NE25/686
25%
Kronprinz 682/NE22
25%
Lindenhof SB25/682/NE25/699
25%
Margaretenstr. 684/NE24
25%
Obenflachsberg 683/NE23
25%
Obere Holzstr. 695/NE23
25%
Ohligs Markt 691/782/783/791/792
25%
Peter-Hahn-Weg 685
25%
Rennpatt 682/NE22/782/783
25%
Schlicker Weg 252/NE24
25%
Schmalzgrube 685/NE25/686
25%
Schule Krahenhöhe 683/NE23
25%
Schule Widdert 684/NE24/691/697
25%
Stahlstr. 686/NE25
25%
Steinenhaus 252/681/NE24
25%
St.-Lukas-Klinik 691
25%
Unionstr. 682/683/NE23/695
25%
Untenhöhscheid 699
25%
Untere Holzstr. 695/NE23
25%
Vockert 684/NE24/691/697
25%
Wald Mitte/Stadtpark 682/NE22/692/693
25%
Weyer 682/NE22
25%
Widderter Str. 691/697
25%
Abteiweg 695/NE23
13%
Alleestr. 695/NE23
13%
Altenbau TB698
13%
Altenberger Weg 681/NE21
13%
Angerscheid 689
13%
August-Dicke-Str. 685
13%
Balkhauser Kotten 252
13%
Balkhauser Weg 252/681/NE24
13%
Bavert 693
13%
Bergerbrühl 683/NE23
13%
Bergstr. 685
13%
Birken 683/LT683
13%
Blücherstr. 693
13%
Botanischer Garten 690
13%
Bülowstr. 683/NE23
13%
Burg Brücke 653/683/LT683/687/689
13%
Burger Höhe 683/LT683
13%
Burg Jugendherberge 266
13%
Burg Rathaus 653/689
13%
Burg Schule 653/689
13%
Buscher Feld 695/NE23
13%
Damaschkestr. 685
13%
Degenstr. 695
13%
Demmeltrath 682/692
13%
Deutsches Klingenmuseum 683/NE23/690
13%
Dorperhof 683/LT683
13%
Eggenweg 696/TB696
13%
Eick 695
13%
Erbenhäuschen 684/NE24
13%
Erfer Str. SB25/682/NE25/699
13%
Erholungstr. 681/NE21
13%
Eschbach 690
13%
Eugen-Maurer-Haus/ZDS 695/NE23
13%
Fontanestr. 696/TB696
13%
Gerberstr. 695/NE23
13%
Gläßnerstr. 696/TB696
13%
Glüder 252
13%
Gosse 254/694
13%
Hacketäuerstr. 695/NE23
13%
Hackhausen 791
13%
Heresbachstr. 682/NE22/692/693
13%
Hingenberg 682/699
13%
Horn 254
13%
Hossenhaus 696/TB696
13%
Industriestr. 695/NE23
13%
Irlen 684/NE24
13%
Ittertal 690/692
13%
Jagenberg 683/LT683
13%
Ketzberg 695/NE23
13%
Kiebitzweg 252/NE24
13%
Kohlsberg Abzw. SB25
13%
Kullen 682/NE22
13%
Küppersfeld 698/TB698/NE28
13%
Landwehr 694/791
13%
Limminghofen 681/NE21
13%
Meisenburg 252/681/NE24
13%
Mittelhöhscheid 699
13%
Mittelitter 690
13%
Müngsten Brückenpark 605/658/687
13%
Obenkatternberg 696/TB696
13%
Oberburg 689
13%
Obere Weyerstr. 682/NE22
13%
Odenthal 252
13%
Papiermühle TB698
13%
Potsdamer Str. CE64
13%
Potshaus CE64
13%
Rathausstr. 252/681/NE24
13%
Rolandstr. 684/NE24
13%
Röntgenstr. 682/NE22
13%
Scheidterstr. 692/NE22
13%
Schleifersberg 682/NE22
13%
Schrodtberg CE64/TB684
13%
Schulstr. 695/NE23
13%
Siebels 685/NE25/686/693/694
13%
Spitzwegstr. 682/NE22
13%
Sportanlage Oberburg 689
13%
Stadtwald 683/LT683/687
13%
Steinacker 695/NE23
13%
Steinendorf 685/NE25/686
13%
Steubenstr. 691
13%
Straßen 685/NE25/686
13%
Stübchen 696/TB696
13%
Sudetenstr. 684/NE24
13%
Theodor-Heuss-Schule 695/NE23
13%
Uhlandstr. 691/NE25
13%
Untenkatternberg 696/TB696
13%
Virchowstr. 691/694/TB694/NE25
13%
Vogelpark 782/783/792/(S7)
13%
Vogelsang 692/NE22/693
13%
Volksgarten 695/NE23
13%
Wald Bahnhof 682/NE22/692/693
13%
Walder Marktplatz 690/692
13%
Wasserturm 682/683/NE23
13%
Weeger Hof SB25/682/NE25/699
13%
Wilhelmshöhe 686/NE25
13%
Windfeln 695
13%
Wittenberg 684/NE24
13%
Wittkuller Str. 690/693
13%
Worringer Str. 696/TB696
13%
Wupperstr. 698/NE28
13%
Wüstenhof 252
13%
Ziegelstr. 693
13%
Albert-Schweitzer-Schule 682/NE22
0%
Albrechtplatz 690/693
0%
Alexander-Coppel-Gesamtschule TB698
0%
Am Frühling 693
0%
An den Eichen 693
0%
Auenberg 691/NE25
0%
Bechsteinstr. TB695
0%
Behringstr. 692/NE22/693
0%
Bethanien 694
0%
Bleichstr. 698/NE28
0%
Bogenstr. 691/791/792
0%
Börkhaus 691/NE25
0%
Breidbach 252
0%
Buchweizenberg TB694
0%
Buckert 690
0%
Büschberg TB690
0%
Bussche-Kessel-Weg TB694
0%
Dültgenstal TB690
0%
Dunkelnberg 691/TB691
0%
Dyckerstr. 695/NE23
0%
Eckstumpf 693
0%
Engelsberger Hof 791
0%
Felder Hof 690
0%
Felder Str. 683/NE23
0%
Fuhrstr. 693
0%
Fürkeltrath 690
0%
Gartenstr. TB695
0%
Gottlieb-Heinrich-Str. 693
0%
Grenzstr. 782/783/792
0%
Haaner Str. 693
0%
Haasenmühle SB25
0%
Halfenweiherplatz 692
0%
Hartmannstr. 693
0%
Hecken 690
0%
Heidberger Mühle 692
0%
Heiliger Born 695/NE23
0%
Henshauser Str. 693
0%
Hohenscheid 252
0%
Höher Heide 691/NE25
0%
Holbeinstr. 693
0%
Humboldtschule 693
0%
Itterstr. 693
0%
Kleinenberg TB690
0%
Kohlfurth CE64/TB684
0%
Landwehrberg 694
0%
Lilienthalstr. TB690
0%
Lindgesfeld 690
0%
Lindgesfeld Nord 690
0%
Lohdenberg 694
0%
Merscheider Str. 693
0%
Mühlenberg 691/697
0%
Naturfreundehaus 690
0%
Neuenhaus SB25/691
0%
Neu-Löhdorf 693/694/NE25
0%
Nordpol 690
0%
Nümmen TB695
0%
Obenitter 690
0%
Opladener Str. 694
0%
Piepersberg 690
0%
Piepersberg West 690
0%
Raffaelstr. 690
0%
Riefnacken 694/NE25
0%
Rupelrath 254/694
0%
Scheffelstr. 691/NE25
0%
Schirpenbruch SB25
0%
Schloßstr. TB690
0%
Schulte vom Brühl TB695
0%
Schützenplatz 691/TB691/NE21/791/792
0%
Schwanenstr. 691
0%
Schwindstr. 690 | 690/692
0%
Siedlung Kannenhof 698/TB698/NE28
0%
Stadion TB691
0%
Talblick 690/692
0%
Teichstr. TB691
0%
Tränke 791
0%
Westersburg 690/693
0%
Weststr. 691/TB691/NE21/782/783/791/792
0%
Wieden 683/LT683
0%
Wiedenkamperstr. 690
0%
Wiefeldicker Str. 693/694/NE25
0%
Keine übereinstimmenden Quizze gefunden
Verteilung der Resultate
Anzahl Personen mit jedem Resultat
Perzentil nach korrekt beantworteten Fragen
Ihre Resultats-Entwicklung
Sie haben dieses Quiz seit der letzten Aktualisierung nicht gespielt